[Event "Niedersachsen-ch op-C"]
[Site "Verden an der Aller"]
[Date "2020.01.04"]
[Round "5"]
[White "Wilmink, Luca"]
[Black "Zgonc, David"]
[Result "0-1"]
[WhiteElo "1273"]
[BlackElo "1402"]
[PlyCount "72"]
[EventDate "2020.01.02"]
[EventType "swiss"]
[EventRounds "7"]
[EventCountry "GER"]
[SourceTitle "EXT 2023"]
[Source "ChessBase"]
[SourceDate "2022.10.05"]
[SourceVersion "1"]
[SourceVersionDate "2022.10.05"]
[SourceQuality "1"]

1. e4 e6 2. d4 d5 3. exd5 exd5 4. Nf3 Nf6 5. c4 Be7 6. Nc3 0-0 7. Bd3 Be6 8. cxd5 Nxd5 9. Be4 c6 10. 0-0 Qd6 11. Ng5 Bxg5 12. Bxg5 Nd7 13. Qh5 N5f6 14. Bxf6 Nxf6 15. Qe5 Nxe4 16. Nxe4 Qb4 17. Nc5 Rfe8 18. Nd3 Qb6 19. Qc5 Rad8 20. Rfd1 Rxd4 21. Qxb6 axb6 22. b3 Red8 23. Nb2 b5 24. f3 c5 25. Rxd4 Rxd4 26. Rc1 c4 27. bxc4 bxc4 28. Kf1 b5 29. Ke2 Kf8 30. Ke3 Rd6 31. Nd1 Ra6 32. Rc2 b4 33. Rb2 c3 34. Rf2 Rxa2 35. Rxa2 Bxa2 36. Kd3 Bb1+ 0-1

[Event "Langenhagen Summer op 1st"]
[Site "Langenhagen"]
[Date "2019.07.06"]
[Round "6"]
[White "Zgonc, David"]
[Black "Jaekel, Michael"]
[Result "1-0"]
[WhiteElo "1189"]
[BlackElo "1772"]
[PlyCount "87"]
[EventDate "2019.07.04"]
[EventType "swiss"]
[EventRounds "7"]
[EventCountry "GER"]
[SourceTitle "EXT 2020"]
[Source "ChessBase"]
[SourceDate "2019.10.17"]
[SourceVersion "1"]
[SourceVersionDate "2019.10.17"]
[SourceQuality "1"]

1. d4 e5 2. dxe5 Nc6 3. Nf3 Qe7 4. e3 Nxe5 5. b3 Nxf3+ 6. Qxf3 Qe5 7. c3 Nf6 8. Bb2 d5 9. Qf4 Bd6 10. Qxe5+ Bxe5 11. Nd2 Bf5 12. Be2 Ne4 13. Nxe4 Bxe4 14. 0-0 0-0-0 15. Bg4+ Kb8 16. Rfd1 h5 17. Bh3 g5 18. g3 Bf3 19. Rd2 g4 20. Bg2 Bxg2 21. Kxg2 h4 22. Rad1 h3+ 23. Kf1 c6 24. e4 Rh6 25. exd5 Rhd6 26. c4 Bxb2 27. Rxb2 cxd5 28. Rbd2 d4 29. Re2 Re6 30. Red2 Re4 31. Re1 f5 32. f3 gxf3 33. Kf2 Kc7 34. Rd3 Rde8 35. Rxe4 fxe4 36. Rxd4 e3+ 37. Ke1 Rf8 38. Re4 f2+ 39. Kf1 Rf3 40. g4 Rg3 41. hxg3 Kd6 42. g5 h2 43. Rh4 Ke5 44. Rxh2 1-0